| 000 | 01090nam a2200265 a 4500 | ||
|---|---|---|---|
| 001 | 65229 | ||
| 003 | BD-RjUL | ||
| 005 | 20211209081411.0 | ||
| 008 | 170301s1969 ii |||| |||| 000 0 ben d | ||
| 020 | _c: Tk. 9.00 | ||
| 035 | _a(BD-RjUL)65359 | ||
| 040 |
_aBD-RjUL _bben _cBD-RjUL _dBD-RjUL |
||
| 041 | _aben | ||
| 082 |
_223 _a891.4414 _bBAS 1969 |
||
| 100 | 1 |
_aবন্দোপাধ্যায়, অসিতকুমার _9193121 |
|
| 245 | 1 | 0 |
_aসাহিত্যজিজ্ঞাসায় রবীন্দ্রনাথ / _cঅসিতকুমার বন্দোপাধ্যায় |
| 260 |
_aকলকাতা : _bকরুনা প্রকাশনী, _c১৯৬৯ [১৩৭৬] |
||
| 300 |
_aখণ্ড. ; _c১৯ সেমি. |
||
| 505 | _aখণ্ড ১-- | ||
| 600 |
_aঠাকুর, রবীন্দ্রনাথ _c১৮৬১-১৯৬১ _d1861-1941 _9193122 |
||
| 600 |
_aTagore, Rabindranath _9181528 |
||
| 650 |
_aবাংলা সাহিত্য _9170454 |
||
| 650 |
_aBengali Literature _9188343 |
||
| 942 |
_2ddc _cBK |
||
| 999 |
_c65229 _d65229 |
||